|
|
|
|
| LEADER |
00000nam0a2200000 4500 |
| 001 |
199212 |
| 005 |
20231031184152.0 |
| 035 |
|
|
|a (RuTPU)RU\TPU\book\217239
|
| 090 |
|
|
|a 199212
|
| 100 |
|
|
|a 20110727d1936 m y0rusy50 ca
|
| 101 |
0 |
|
|a rus
|
| 102 |
|
|
|a UA
|
| 105 |
|
|
|a a j 001zy
|
| 200 |
1 |
|
|a Улавливание и переработка жидких и газообразных продуктов полукоксования (с расчетами аппаратуры)
|e учебное пособие для втузов
|f П. Н. Федотов
|
| 210 |
|
|
|a Харьков
|a Киев
|c ОНТИ НКТП
|d 1936
|
| 215 |
|
|
|a 267 с.
|c ил.
|
| 610 |
1 |
|
|a горючие ископаемые
|
| 610 |
1 |
|
|a полукоксование
|
| 610 |
1 |
|
|a улавливаемые продукты
|
| 610 |
1 |
|
|a перерабатываемые продукты
|
| 610 |
1 |
|
|a жидкие продукты
|
| 610 |
1 |
|
|a газообразные продукты
|
| 610 |
1 |
|
|a переработка
|
| 610 |
1 |
|
|a деготь
|
| 610 |
1 |
|
|a дестилляторы
|
| 610 |
1 |
|
|a очистка
|
| 610 |
1 |
|
|a газовый бензин
|
| 610 |
1 |
|
|a конденсация
|
| 610 |
1 |
|
|a химические заводы
|
| 610 |
1 |
|
|a сточные воды
|
| 610 |
1 |
|
|a обезвреживание
|
| 610 |
1 |
|
|a аппаратура
|
| 610 |
1 |
|
|a расчеты
|
| 610 |
1 |
|
|a учебные пособия
|
| 675 |
|
|
|a 662.742(075.8)
|v 3
|
| 700 |
|
1 |
|a Федотов
|b П. Н.
|
| 801 |
|
1 |
|a RU
|b 63413507
|c 20110727
|
| 801 |
|
2 |
|a RU
|b 63413507
|c 20110905
|g RCR
|
| 942 |
|
|
|c BK
|